| 000 | 02851nam a2200277 a 4500 | ||
|---|---|---|---|
| 001 | 000041179 | ||
| 003 | DO-SdBNP | ||
| 005 | 20250701121839.0 | ||
| 007 | ta | ||
| 008 | 130705s2007 dr 000 0 spa d | ||
| 040 |
_aDO-SdBNP _bspa _cBNPHU |
||
| 082 |
_222 _a378 _bF727n |
||
| 111 | 2 |
_aForo Presidencial por la Excelencia de la Educación _d(2007 : _cSanto Domingo) _956821 |
|
| 245 | 1 | 0 |
_aNormativa y requerimientos espaciales para la infraestructura de instituciones de nivel superior : _bmesas de trabajo de la SEESCYT |
| 260 |
_aSanto Domingo : _bSEESCyT, _c2007. |
||
| 300 |
_a141 p. ; _c24 cm. |
||
| 490 | 1 | _aMesas de trabajo de la SEESCyT | |
| 505 | _aIntroducción 9|Objetivo del documento 10|Aplicación 10|EVALUACIÓN INFRAESTRUCTURA FÍSICA, PLANTELES DE NIVEL SUPERIOR 11|Evaluación quinquenal 11|Inspecciones y supervisiones de infraestructura 11|Planos y documentos constructivos 12|Formulario de preguntas e informaciones técnicas para la evaluación y o sometimiento de proyectos de infraestructura para planteles de nivel superior 13|Tipos de intervenciones que se preveen y documentación requerida por tipo de intervención 16|ARQUITECTURA E INSTITUCIONES DE NIVEL SUPERIOR 18|Criterios generales de diseño 18|SITUACIÓN AMBIENTAL DE LA INFRAESTRUCTURA DE EDUCACIÓN SUPERIOR 21|RECOMENDACIONES GENERALES PARA EL DISEÑO DE INSTITUCIONES DE NIVEL SUPERIOR 21|Flexibilidad 21|Crecimiento 22|Adaptabilidad 22|Uso del espacio 22|Mantenimiento eficiencia de la edificación 23|NORMAS Y REGULACIONES 23|Localización 23|Terrenos, configuración 26|Superficie mínima requerida de los terrenos 27|Plano de conjunto 27|Vías de accesos 29|Accesos dentro del conjunto 30|Calzadas, calles y áreas de estacionamiento 31|Señalización exterior 32|Verja perimetral 32|Iluminación exterior 33|Paisajismo 33|Tamaño de los espacios diseño por ocupación número de usuarios 34|Estándares mínimos por espacio que componen la institución de nivel superior 35|CONSIDERACIONES GENERALES 48|Aulas de teoría 48|Biblioteca centro de estudio 49|Centro de producción de medios 51|Sala de informática 51|Sala de usos múltiples o multiuso hasta 50 usuarios 53|Auditorio 53|Cafetería y cocina 54|Laboratorios y talleres 55|Taller de tecnología básica 60|Taller de arte o manualidades 60|Salón de teatro y música 61|Servicios estudiantiles 61|ACÚSTICAS 74|ESPECIFICACIONES TÉCNICAS 81|PROTOCOLO MEDIO-AMBIENTAL 102 | ||
| 590 | _aInventariado, 2022 / DG | ||
| 650 | 4 |
_aEdificios universitarios _xNormas _zRepública Dominicana _982527 |
|
| 650 | 4 |
_aUniversidades _xConferencias, Congresos, etc. _zRepública Dominicana _982528 |
|
| 710 | 1 |
_aRepública Dominicana. _bSecretaría de Estado de Educación Superior, Ciencia y Tecnología _918778 |
|
| 830 | 0 |
_aMesas de trabajo de la SEESCyT _965706 |
|
| 910 | _aDG | ||
| 942 |
_2ddc _cLBS1 |
||
| 999 |
_c52560 _d52560 |
||